LEADER 01238nam a2200301 i 4500 001 000000031499 003 CaOOAMICUS 005 20180830125449.0 008 180830s1911 it u000 u ita u 040 $aSeMil$bita 100 1 $aRosmini, Antonio,$c.$0(OLS)http://semarc/name/405 245 10$aEpistolario ascetico /$cdi Antonio Rosmini. 260 $aRoma :$bTipografia del Senato,$c1911-1913. 300 $a4 v. ;$c26 cm. 500 $aFondo card. Giovanni Colombo. 774 0 $aRosmini, Antonio $t1.$w()194622 774 0 $aRosmini, Antonio $t3.$w()239337 774 0 $aRosmini, Antonio $t2.$w()239340 774 0 $aRosmini, Antonio $t4.$w()239342 774 0 $aRosmini, Antonio $t1.$w()239376 774 0 $aRosmini, Antonio $t2.$w()239377 774 0 $aRosmini, Antonio $t3.$w()239378 774 0 $aRosmini, Antonio $t4.$w()239379 900 1 $aRosmini Serbati, Antonio. 941 1 $a3 996 $6245$aEpistolario ascetico$9(OLS)http://semarc/title/13535 996 $6260$aRoma :$bTipografia del Senato$9(OLS)http://semarc/publisher/38925 LEADER 01214nam a2200277 i 4500 001 000000092236 003 CaOOAMICUS 005 20170216000000.0 008 170216s2016 it u000 u ita u 013 $a64478 020 $a978-88-6671-370-8 040 $aSeMil$bita 100 0 $aFranciscus I,$c.$0(OLS)http://semarc/name/2737 245 10$aLettera apostolica Misericordia et misera a conclusione del giubileo straordinario della misericordia /$cFrancesco. 260 $aGorle :$bVelar,$ccopyr. 2016. 300 $a47 p. ;$c21 cm. 650 4$aFrancesco I - Misericordia divina.$0(OLS)http://semarc/subject/16290 850 $aSeMil 852 $aSeMil$W1$xVenegono$y1$m5B III 41/6$j55135$B55135$CSeMilBibl$Z2$F59837 $81 900 1 $aBergoglio, Jorge Mario,$d<1936-2025>. 900 0 $aFrancesco I$c. 996 $6020$a978-88-6671-370-8$9(OLS)http://semarc/number/272138 996 $6245$aLettera apostolica Misericordia et misera a conclusione del giubileo straordinario della misericordia$9(OLS)http://semarc/title/406153 996 $6260$aGorle :$bVelar$9(OLS)http://semarc/publisher/33489